| 000 | 01046naa a22002897a 4500 | ||
|---|---|---|---|
| 001 | BR9400265 | ||
| 003 | BR-BrBNA | ||
| 005 | 20240918181108.0 | ||
| 007 | ta | ||
| 008 | 230509b bl.||||| |||| 00| 0 por d | ||
| 040 |
_aBR-BrBNA _bpor _cBiblioteca Nacional de Agricultura |
||
| 041 | _a(Pt) | ||
| 072 | _aF30; H50 | ||
| 090 | _aF30 BR9400265 | ||
| 100 | 1 | _aPorto, M.C.M. | |
| 111 | 1 |
_aSimposio sobre Caatinga e sua Exploracao Racional _cFeira de Santana, BA (Brazil) _d26-30 Nov 1984 |
|
| 245 | 1 | _aMecanismos fisiologicos de resistencia a seca | |
| 260 | 3 |
_aBrasilia, DF (Brasil): _c1986. |
|
| 500 | _aAnais do Simposio sobre Caatinga e sua exploracao racional Brasilia, DF (Brasil): 1986. p. 149-162 (BR9400265-AM)F30 | ||
| 650 | _aPlanta | ||
| 650 | _aDeficiencia Hidrica | ||
| 650 | _aResistencia a Temperatura | ||
| 650 | _aSeca | ||
| 773 | 0 |
_tAnais do Simposio sobre Caatinga e sua exploracao racional _wF30 BR9400265 _gBrasilia, DF (Brasil), 1986. p. 149-162 |
|
| 909 |
_a202404 _bLucia _c55 _dLucia Elande |
||
| 942 |
_cAM _2AGRIS |
||
| 999 |
_c323622 _d323622 |
||